00295nam a2200097 a 4500008004100000050001800041245007800059260003800137300001300175350000900188120416s1962 ||||||||||||||||| || u aHT 148.Z2 Uni00aReport of the workshop on urbanization in Africa, 26th April-5th May 1962 aAddis AbababUNITED NATIONSc1962 aiv, 95p. a0.00